000 00254nam a2200097Ia 4500
008 200302s9999 xx 000 0 und d
100 _aHenry A. Millon
245 _aKey Monuments of the History of Architecture
260 _bPrentice-Hall Inc.
300 _a535 P.,
999 _c19
_d19